Score 0/7 Timer 03:00
3 Plays Today
Question Answer Wrong Answers
An earthquake with an estimated magnitude of 7.8 destroys much of this California city.
1906
San Francisco
89.1%
San Diego
2.5%
Sacramento
2.5%
Los Angeles
5.1%
As British troops advance towards the American colony of Massachusetts, this man and other riders warn the countryside of the troop movements.
1775
Paul Revere
87.9%
Samuel Adams
5.8%
Patrick Henry
2.9%
Thomas Paine
3.3%
This red-haired American producer, screenwriter, and talk show host, is born.
1963
Conan O'Brien
85.1%
David Letterman
6.5%
Craig Ferguson
3.3%
Regis Philbin
2.3%
This American baseball stadium, known as ‘The House that Ruth Built’, officially opens.
1923
Yankee Stadium
82.8%
Fenway Park
7.6%
Ebbets Field
1.7%
Wrigley Field
6.2%
This nation, formerly the British Colony of Rhodesia, gains its independence.
1980
Zimbabwe
78%
Angola
7.6%
Chad
5.5%
Senegal
5.6%
The United States launches Operation Praying Mantis against ______ naval forces in the largest naval battle since World War II.
1988
Iranian
41.8%
Iraqi
40%
Turkish
6.6%
Chinese
8%
This country leaves the British Commonwealth and becomes its own republic.
1949
Ireland
32.4%
India
53%
Bahrain
2%
Jamaica
10.4%
Remove Ads.
Support Sporcle.
Get the best of Sporcle when you Go Orange. This ad-free experience offers more features, more stats, and more fun while also helping to support Sporcle. Thank you for becoming a member.

You're not logged in!

Compare scores with friends on all Sporcle quizzes.
OR
Log In

Show Comments

Extras

Top Quizzes Today


Score Distribution

Your Account Isn't Verified!

In order to create a playlist on Sporcle, you need to verify the email address you used during registration. Go to your Sporcle Settings to finish the process.

Report this User

Report this user for behavior that violates our Community Guidelines.

Details: